| 000 | 01383nam a22002297a 4500 | ||
|---|---|---|---|
| 001 | 3320 | ||
| 003 | FISKH | ||
| 005 | 20240227124228.0 | ||
| 008 | 240227b cb ||||| |||| 00| 0 eng d | ||
| 040 |
_aFISK _beng _cFISK _dFISK |
||
| 050 | _aPS3608.E426 | ||
| 082 | _a813.6 | ||
| 100 |
_aHill Hearn Bonnie : _d1945 |
||
| 245 |
_aAries Rising / _cBonnie Hearn Hill |
||
| 260 |
_aNew York : _bBonnie Hearn Hill _c2010 |
||
| 300 |
_a278 pages : _b19 cm : |
||
| 501 | _aK | ||
| 520 | _aAquarius Logan McRae is a high school sophomore in Terra Bella Beach, CA and has been working all semester to impress her teachers in order to get into the summer writing camp she desperately wants to attend. But when this ordinary girl finds an extraordinary book,Fearless Astrology, her life is changed forever. Applying what she's learned about the zodiac, she lands her own column in the school paper and a date with the hottest guy in school! But when Logan threatens to catch the members of a secret society called The Gears, who have been vandalizing school property by reading the stars, she quickly learns that she is in over her head. Will Logan be able to catch The Gears, save her love life, keep her newspaper column, and get into the writing camp of her dreams all through the use of astrology? | ||
| 521 | 8 |
_a610 _bK |
|
| 700 | _aBonnie Hearn Hill | ||
| 942 |
_2ddc _cBK _n0 |
||
| 999 |
_c3320 _d3320 |
||